[Event "Open Brno 2017"]
[Site "Brno"]
[Date "2017.11.14"]
[Round "5"]
[White "Basson, Heinrich"]
[Black "Feldvabl, Vilem"]
[Result "1-0"]
[WhiteElo "1939"]
[BlackElo "1642"]
[PlyCount "83"]
[EventDate "2017.11.11"]

1. d4 {[%emt 0:00:00]} d5 2. c4 e6 3. Nf3 Nf6 4. Nc3 Be7 5. Bf4 Bd6 6. Bg5 Be7
7. e3 h6 8. Bh4 O-O 9. Bd3 Nbd7 10. c5 c6 11. Bc2 b6 12. b4 a5 13. a3 bxc5 14.
bxc5 Ba6 15. Bd3 Bxd3 16. Qxd3 Nh5 17. Bxe7 Qxe7 18. O-O Rfb8 19. e4 Rb3 20.
Qc2 Rab8 21. Rab1 Rxb1 22. Rxb1 Qd8 23. g3 Rxb1+ 24. Qxb1 Qb8 25. Qxb8+ Nxb8
26. Kf1 Kf8 27. Ke2 Ke7 28. Ke3 g5 29. Ne5 Ng7 30. f3 f6 31. Nd3 f5 32. exd5
exd5 33. Nc1 Ne6 34. f4 Nd8 35. fxg5 hxg5 36. Nb3 Nb7 37. h4 Kf6 38. Kf3 Kg6
39. Na4 Nd7 40. Nb6 Nxb6 41. cxb6 Kh5 42. Nc5 1-0

[Event "Open Brno 2017"]
[Site "Brno"]
[Date "2017.11.14"]
[Round "5"]
[White "Stanek, Stanislav"]
[Black "Tajovsky, Matej"]
[Result "0-1"]
[WhiteElo "1930"]
[BlackElo "1615"]
[PlyCount "50"]
[EventDate "2017.11.11"]

1. Nc3 c5 2. e4 Nc6 3. f4 g6 4. Nf3 Bg7 5. d3 Nf6 6. Be3 b6 7. Be2 O-O 8. e5
Ne8 9. d4 cxd4 10. Nxd4 Bb7 11. Bf3 Rb8 12. Nxc6 Bxc6 13. Bxc6 dxc6 14. Qxd8
Rxd8 15. Ne4 Nc7 16. c4 f6 17. O-O fxe5 18. f5 gxf5 19. Ng5 Bh6 20. h4 f4 21.
Bc1 Bxg5 22. hxg5 Ne6 23. Re1 Rf5 24. b3 Rxg5 25. Bb2 Rd2 0-1

[Event "Open Brno 2017"]
[Site "Brno"]
[Date "2017.11.14"]
[Round "5"]
[White "Glacner, Karel"]
[Black "Zentko, Ladislav"]
[Result "1-0"]
[WhiteElo "1559"]
[BlackElo "1764"]
[PlyCount "55"]
[EventDate "2017.11.11"]

1. e4 {[%emt 0:00:00]} e5 2. d4 exd4 3. c3 d5 4. Qa4+ Bd7 5. Qxd4 dxe4 6. Bf4
Nc6 7. Qxe4+ Be7 8. Bc4 Nf6 9. Qe2 O-O 10. Nf3 Re8 11. O-O Bd6 12. Qd2 Bxf4 13.
Qxf4 Re4 14. Bxf7+ Kxf7 15. Ng5+ Kg8 16. Nxe4 Nxe4 17. Qxe4 Qf6 18. f4 Bf5 19.
Qf3 Qg6 20. Qg3 Qd6 21. Na3 Ne7 22. Qf2 Qc6 23. Rfd1 Nc8 24. Rd8+ Kf7 25. Qd4
Qg6 26. Qd5+ Ke7 27. Re1+ Kf6 28. Rf8+ 1-0

[Event "Open Brno 2017"]
[Site "Brno"]
[Date "2017.11.14"]
[Round "5"]
[White "Blazek, Pavel"]
[Black "Buri, Petra"]
[Result "0-1"]
[WhiteElo "1735"]
[BlackElo "1469"]
[PlyCount "82"]
[EventDate "2017.11.11"]

1. Nc3 {[%emt 0:00:00]} e5 2. e4 Nf6 3. f4 d5 4. fxe5 Nxe4 5. d3 Nxc3 6. bxc3
d4 7. Nf3 Nc6 8. cxd4 Nxd4 9. c3 Nc6 10. d4 Bg4 11. Be2 Be7 12. O-O O-O 13. Qe1
Qd7 14. Qg3 Rfe8 15. Bf4 f6 16. Bc4+ Kh8 17. Bb3 Rac8 18. Rae1 Bxf3 19. e6 Qd8
20. Rxf3 f5 21. Be5 Nxe5 22. Qxe5 Bd6 23. Qxf5 Rf8 24. Qg4 Rxf3 25. gxf3 Qe7
26. c4 Rf8 27. c5 Bf4 28. Re4 Bh6 29. f4 g6 30. Kh1 b6 31. cxb6 axb6 32. d5 Rd8
33. f5 gxf5 34. Qxf5 Rf8 35. Qh3 Qf6 36. e7 Qa1+ 37. Kg2 Qf1+ 38. Kg3 Qf3+ 39.
Kh4 Qxe4+ 40. Kh5 Qg6+ 41. Kh4 Qg5# 0-1

[Event "Open Brno 2017"]
[Site "Brno"]
[Date "2017.11.14"]
[Round "5"]
[White "Ivanov, Mikhail"]
[Black "Paseka, Christian"]
[Result "0-1"]
[WhiteElo "1427"]
[BlackElo "1706"]
[PlyCount "114"]
[EventDate "2017.11.11"]

1. e4 {[%emt 0:00:00]} c5 2. Nf3 d6 3. d4 cxd4 4. Nxd4 Nf6 5. Nc3 Nc6 6. Bg5 e6
7. Qd2 Be7 8. O-O-O Nxd4 9. Qxd4 a6 10. f4 O-O 11. g4 b5 12. f5 e5 13. Qd2 Bb7
14. Bxf6 Bxf6 15. Qg2 Bg5+ 16. Kb1 Rc8 17. Bd3 Rc5 18. Qf2 Bh4 19. Qg2 Qe7 20.
Rdg1 h6 21. Nd5 Bxd5 22. exd5 Re8 23. Qe4 f6 24. Qg2 e4 25. Be2 Rxd5 26. Qh3
Bg5 27. Qb3 Qf7 28. h4 Bf4 29. g5 Rxf5 30. Qxf7+ Kxf7 31. Rf1 fxg5 32. hxg5
hxg5 33. Bh5+ g6 34. Bg4 Rfe5 35. Rh7+ Kf6 36. Ra7 e3 37. Rxa6 Rd5 38. Re1 e2
39. Bxe2 Rxe2 40. Rf1 Rdd2 41. Rb6 Rd5 42. a3 Ke5 43. Rc6 g4 44. c4 Rc5 45.
cxb5 Rxb5 46. b4 g3 47. Rc2 Rxc2 48. Kxc2 Rd5 49. a4 Rd2+ 50. Kc3 g2 51. Rg1
Be3 52. Re1 Kf4 53. a5 Rd5 54. Kc4 Re5 55. a6 g1=Q 56. Rxg1 Bxg1 57. b5 Bc5 0-1

[Event "Open Brno 2017"]
[Site "Brno"]
[Date "2017.11.14"]
[Round "5"]
[White "Vicze, Zsofia"]
[Black "Hamouche, Kahina"]
[Result "1-0"]
[WhiteElo "1606"]
[BlackElo "1282"]
[PlyCount "29"]
[EventDate "2017.11.11"]

1. e4 {[%emt 0:00:00]} d6 2. d4 Nf6 3. Nc3 g6 4. Be3 Bg7 5. f3 Nbd7 6. Qd2 O-O
7. g4 c5 8. Nge2 b6 9. h4 cxd4 10. Nxd4 Ne5 11. h5 gxh5 12. gxh5 Ne8 13. Qg2
Kh8 14. Rg1 Rg8 15. h6 1-0

[Event "Open Brno 2017"]
[Site "Brno"]
[Date "2017.11.15"]
[Round "6"]
[White "Molnar, Bela"]
[Black "Kuehn, Martin"]
[Result "0-1"]
[WhiteElo "2289"]
[BlackElo "1871"]
[PlyCount "76"]
[EventDate "2017.11.11"]

1. d4 {[%emt 0:00:00]} d5 2. c4 Nc6 3. Nf3 Bg4 4. Nc3 e6 5. e3 Nf6 6. h3 Bh5 7.
cxd5 exd5 8. Bb5 Bxf3 9. Qxf3 Bb4 10. O-O O-O 11. Bd2 Ne7 12. a3 Bxc3 13. Bxc3
Ne4 14. Rfc1 c6 15. Bf1 f5 16. Bb4 Rf6 17. Bxe7 Qxe7 18. Rc2 Raf8 19. g3 g5 20.
Qg2 f4 21. gxf4 Rg6 22. f5 Rxf5 23. f3 Nd6 24. Re1 Rgf6 25. e4 Rxf3 26. e5 R6f4
27. Rc3 Rf2 28. Qxf2 Rxf2 29. Kxf2 Ne4+ 30. Kg1 Nxc3 31. bxc3 Qxa3 32. Re3 Qc1
33. Kf2 Kf8 34. Be2 a5 35. e6 Ke7 36. Bg4 a4 37. Rf3 Qd2+ 38. Kg3 Qf4+ 0-1

[Event "Open Brno 2017"]
[Site "Brno"]
[Date "2017.11.15"]
[Round "6"]
[White "Chudinovskikh, Alexander M"]
[Black "Pokorny, Petr"]
[Result "1-0"]
[WhiteElo "2219"]
[BlackElo "2138"]
[PlyCount "55"]
[EventDate "2017.11.11"]

1. e4 {[%emt 0:00:00]} e5 2. Bc4 Nf6 3. d3 c6 4. Nf3 Be7 5. O-O Qc7 6. Re1 O-O
7. Nbd2 d5 8. Bb3 dxe4 9. Nxe4 Nxe4 10. Rxe4 Bf6 11. Bg5 Bxg5 12. Nxg5 Bf5 13.
Re3 Nd7 14. Qf3 Bg6 15. Rae1 h6 16. Nh3 Kh7 17. Qg3 Bf5 18. Ng5+ hxg5 19. Qxg5
g6 20. g4 Bxg4 21. Qxg4 Kg7 22. d4 Rae8 23. Qg3 f5 24. Qg5 e4 25. Rh3 Rh8 26.
Rxh8 Rxh8 27. Qe7+ Kh6 28. Re3 1-0

[Event "Open Brno 2017"]
[Site "Brno"]
[Date "2017.11.15"]
[Round "6"]
[White "Mikes, Jan"]
[Black "Seddaoui, Yamine"]
[Result "1/2-1/2"]
[WhiteElo "2272"]
[BlackElo "2128"]
[PlyCount "87"]
[EventDate "2017.11.11"]

1. e4 e5 2. Nf3 Nc6 3. Bb5 a6 4. Ba4 Nf6 5. O-O Nxe4 6. d4 b5 7. Bb3 d5 8. dxe5
Be6 9. Nbd2 Nc5 10. c3 Be7 11. Bc2 d4 12. Nb3 d3 13. Bb1 Nxb3 14. axb3 Bf5 15.
Be3 O-O 16. Bd4 Qd5 17. Re1 Rfd8 18. Bxd3 Bxd3 19. Qxd3 Qxb3 20. Qe4 Qe6 21.
Qf4 Rd5 22. Re4 Nd8 23. b4 Qd7 24. e6 Nxe6 25. Qe3 Nxd4 26. Rxe7 Nxf3+ 27. gxf3
Rd1+ 28. Rxd1 Qxd1+ 29. Kg2 Qd6 30. Re8+ Rxe8 31. Qxe8+ Qf8 32. Qc6 Qd8 33. Kg1
h6 34. Kg2 Kh7 35. Qe4+ Kh8 36. Qc6 Kg8 37. Kg1 h5 38. Kg2 g6 39. h3 Kg7 40. f4
Kh6 41. Kg3 Kg7 42. Kg2 Kf8 43. Kg3 Ke7 44. Qc5+ 1/2-1/2

[Event "Open Brno 2017"]
[Site "Brno"]
[Date "2017.11.15"]
[Round "6"]
[White "Qashashvili, Alexandre"]
[Black "Kastner, Oldrich"]
[Result "1-0"]
[WhiteElo "2514"]
[BlackElo "2025"]
[PlyCount "63"]
[EventDate "2017.11.11"]

1. e4 {[%emt 0:00:00]} e6 2. Nf3 d5 3. Nc3 Nf6 4. e5 Nfd7 5. d4 c5 6. dxc5 Bxc5
7. Bd3 Nc6 8. Bf4 Qb6 9. O-O Qxb2 10. Nb5 Rb8 11. Rb1 Qxa2 12. Ra1 Qb2 13. Bd2
d4 14. Qe2 a6 15. Nc7+ Kd8 16. Nxe6+ fxe6 17. Rfb1 Qxb1+ 18. Rxb1 b5 19. Ng5
Ndxe5 20. Bf4 Bd6 21. Bxe5 Nxe5 22. f4 Nxd3 23. Nf7+ Ke7 24. Nxd6 Kxd6 25. cxd3
Bd7 26. Qe5+ Ke7 27. Qxg7+ Kd6 28. Qxd4+ Ke7 29. Qg7+ Kd6 30. Qe5+ Ke7 31. f5
Rhe8 32. Re1 1-0

[Event "Open Brno 2017"]
[Site "Brno"]
[Date "2017.11.15"]
[Round "6"]
[White "Munk, Petr"]
[Black "Pavlicek, Petr"]
[Result "1-0"]
[WhiteElo "2142"]
[BlackElo "1911"]
[PlyCount "41"]
[EventDate "2017.11.11"]

1. e4 {[%emt 0:00:00]} e5 2. Nf3 Nc6 3. Bb5 Nge7 4. Nc3 a6 5. Bc4 Ng6 6. d3 Be7
7. h4 f6 8. h5 Nf8 9. Nh4 d6 10. g4 g6 11. Nd5 Be6 12. Bh6 g5 13. Nf5 Bxf5 14.
gxf5 Nd7 15. Bg7 Rf8 16. h6 Nb6 17. Nxb6 cxb6 18. Bxf8 Kxf8 19. Qh5 Qe8 20.
Qxe8+ Kxe8 21. Bg8 1-0

[Event "Open Brno 2017"]
[Site "Brno"]
[Date "2017.11.15"]
[Round "6"]
[White "Igen, Amir"]
[Black "Kredl, Karel"]
[Result "0-1"]
[WhiteElo "1684"]
[BlackElo "2139"]
[PlyCount "80"]
[EventDate "2017.11.11"]

1. d4 Nf6 2. c4 e6 3. Nc3 Bb4 4. g3 O-O 5. Bg2 d5 6. cxd5 exd5 7. Nf3 c6 8. O-O
Nbd7 9. Bg5 h6 10. Bxf6 Nxf6 11. Ne5 Re8 12. Nd3 Bd6 13. b4 Bf5 14. Nc5 Qe7 15.
a3 b6 16. Nb3 Rac8 17. Rc1 Ne4 18. Nxe4 Bxe4 19. e3 Bxg2 20. Kxg2 Qe4+ 21. Qf3
Qd3 22. Qd1 Qe4+ 23. Qf3 Qd3 24. Qd1 Qa6 25. Ra1 Qb5 26. Qd2 a5 27. Rfb1 axb4
28. Nc1 Ra8 29. Nd3 c5 30. dxc5 bxc5 31. axb4 cxb4 32. Rxa8 Rxa8 33. Ne1 Qc4
34. Nf3 Ra2 35. Rb2 b3 36. Nd4 Bb4 37. Qe2 Qxe2 38. Rxe2 Rxe2 39. Nxe2 b2 40.
Nd4 b1=Q 0-1

[Event "Open Brno 2017"]
[Site "Brno"]
[Date "2017.11.15"]
[Round "6"]
[White "Potseluev, Sergey"]
[Black "Zhukenov, Aituar"]
[Result "1-0"]
[WhiteElo "2103"]
[BlackElo "1738"]
[PlyCount "83"]
[EventDate "2017.11.11"]

1. Nf3 Nf6 2. c4 e6 3. Nc3 d5 4. d4 Bb4 5. Bg5 O-O 6. a3 Bxc3+ 7. bxc3 c5 8.
Bxf6 Qxf6 9. e3 Nc6 10. Bd3 dxc4 11. Bxc4 Rd8 12. O-O b6 13. Qe2 Bb7 14. Rad1
Rac8 15. Rfe1 g6 16. Ba6 Bxa6 17. Qxa6 Rc7 18. Qa4 Na5 19. e4 cxd4 20. cxd4
Rdc8 21. d5 exd5 22. exd5 Nc4 23. Re8+ Rxe8 24. Qxe8+ Kg7 25. h3 Nd6 26. Qe2
Rc5 27. Ne5 Qf5 28. Ng4 Rc2 29. Qe7 Ne4 30. d6 Nxf2 31. Rf1 Nxh3+ 32. gxh3 Qc5+
33. Ne3 Rc1 34. Qxf7+ Kh6 35. Qf4+ g5 36. Qf6+ Kh5 37. Qf3+ Kh6 38. Rxc1 Qxc1+
39. Kg2 Qd2+ 40. Qf2 Qd3 41. Ng4+ Kh5 42. Ne5 1-0

[Event "Open Brno 2017"]
[Site "Brno"]
[Date "2017.11.15"]
[Round "6"]
[White "Dopita, Bohumil"]
[Black "Kallstrom, Michael"]
[Result "1/2-1/2"]
[WhiteElo "2136"]
[BlackElo "1847"]
[PlyCount "32"]
[EventDate "2017.11.11"]

1. e4 {[%emt 0:00:00]} e6 2. d4 d5 3. e5 c5 4. c3 Nc6 5. Nf3 Qb6 6. a3 f6 7. b4
fxe5 8. dxc5 Qc7 9. Bb5 Nf6 10. Qe2 e4 11. Nfd2 Be7 12. f3 exf3 13. Nxf3 O-O
14. g3 Nh5 15. O-O Bd7 16. Bxc6 bxc6 1/2-1/2

[Event "Open Brno 2017"]
[Site "Brno"]
[Date "2017.11.15"]
[Round "6"]
[White "Tesar, Jan"]
[Black "Richterova, Julie"]
[Result "0-1"]
[WhiteElo "2090"]
[BlackElo "1808"]
[PlyCount "84"]
[EventDate "2017.11.11"]

1. d4 {[%emt 0:00:00]} Nf6 2. c4 e5 3. dxe5 Ng4 4. Bf4 Nc6 5. Nf3 Bb4+ 6. Nbd2
Qe7 7. a3 Ncxe5 8. Nxe5 Nxe5 9. e3 Bxd2+ 10. Qxd2 d6 11. Be2 Bf5 12. O-O O-O
13. h3 Rfe8 14. Bg3 Rad8 15. Qd4 Nc6 16. Qc3 Be4 17. Kh2 Ne5 18. Rae1 Bc6 19.
b4 b6 20. Bd1 Bb7 21. Bc2 c5 22. f4 Nc6 23. b5 Nb8 24. e4 Nd7 25. Qd3 Nf8 26.
Qd1 Qe6 27. Bd3 Qf6 28. Qg4 Qc3 29. Rf3 Ng6 30. h4 Bc8 31. Qh5 Qd4 32. e5 dxe5
33. Re4 Qc3 34. Bf1 Qc2 35. Rfe3 Bb7 36. Re2 Qd1 37. R4e3 Qxf1 38. fxe5 Rd1 39.
Be1 Rxe1 40. e6 Rxe2 41. exf7+ Qxf7 42. Rxe2 Rxe2 0-1

[Event "Open Brno 2017"]
[Site "Brno"]
[Date "2017.11.15"]
[Round "6"]
[White "Barak, David"]
[Black "Kubicek, Pavel"]
[Result "0-1"]
[WhiteElo "1794"]
[BlackElo "2026"]
[PlyCount "112"]
[EventDate "2017.11.11"]

1. d4 e6 2. c4 b6 3. Nc3 Bb7 4. e3 Nf6 5. Nf3 d5 6. Be2 Nbd7 7. O-O c5 8. b3
Be7 9. Bb2 O-O 10. Rc1 dxc4 11. bxc4 Qc8 12. Qb3 Rd8 13. Rfd1 Qb8 14. h3 cxd4
15. exd4 Qf4 16. Rc2 Ne4 17. Bc1 Qf5 18. Bd3 Ndc5 19. Qb2 Nxd3 20. Rxd3 Nxf2
21. Re3 Nd3 22. Qb3 Nxc1 23. Rxc1 Bf6 24. Rd1 Rac8 25. c5 Qg6 26. Qb4 Bxf3 27.
Rxf3 bxc5 28. dxc5 Rxd1+ 29. Nxd1 Qc2 30. Qb3 Qxb3 31. Rxb3 Bd4+ 32. Kf1 Bxc5
33. Ke2 Bb6 34. Ne3 Bxe3 35. Kxe3 f6 36. Rb7 Rc3+ 37. Kd4 Ra3 38. Rb2 Kf7 39.
Kc5 a5 40. Kd6 e5 41. Rc2 Rd3+ 42. Kc5 e4 43. Kb5 Ra3 44. Re2 f5 45. Kc4 Kf6
46. h4 g6 47. Kd5 Rd3+ 48. Kc4 a4 49. Kb4 a3 50. Kc5 h6 51. Kc4 Ke5 52. Kc5 g5
53. hxg5 hxg5 54. Kc4 f4 55. Kc5 g4 56. Kc4 f3 0-1

[Event "Open Brno 2017"]
[Site "Brno"]
[Date "2017.11.15"]
[Round "6"]
[White "Mizicka, Matus"]
[Black "Zuziak, Petr"]
[Result "0-1"]
[WhiteElo "1772"]
[BlackElo "1906"]
[PlyCount "96"]
[EventDate "2017.11.11"]

1. e4 {[%emt 0:00:00]} e5 2. Nc3 Nc6 3. Bc4 Nf6 4. d3 Be7 5. Nge2 Na5 6. Bb3
Nxb3 7. axb3 d5 8. exd5 Nxd5 9. O-O O-O 10. Nxd5 Qxd5 11. Nc3 Qc6 12. f4 Bc5+
13. Kh1 Bd4 14. fxe5 Bxe5 15. Qh5 Bxc3 16. bxc3 Qxc3 17. Ra4 g6 18. Qf3 Be6 19.
Bh6 Rfe8 20. Rf4 f5 21. h4 c6 22. h5 Qf6 23. Qg3 Kf7 24. Bg5 Qc3 25. Rh4 Qg7
26. h6 Qf8 27. Rg4 Kg8 28. Qh4 fxg4 29. Rxf8+ Rxf8 30. Qe1 Rae8 31. Qc3 Rf7 32.
Kh2 Bd5 33. Qd2 Re5 34. c4 Be6 35. d4 Ref5 36. Qe2 g3+ 37. Kg1 Rf2 38. Qe1 Bg4
39. Be3 Be2 40. Bxf2 gxf2+ 41. Qxf2 Rxf2 42. Kxf2 Bd1 43. b4 Bb3 44. c5 Kf7 45.
Ke3 Kf6 46. g3 g5 47. Ke4 Bd5+ 48. Ke3 Kg6 0-1

[Event "Open Brno 2017"]
[Site "Brno"]
[Date "2017.11.15"]
[Round "6"]
[White "Siegemund, Joachim"]
[Black "Pater, Peter"]
[Result "1-0"]
[WhiteElo "2127"]
[BlackElo "1659"]
[PlyCount "65"]
[EventDate "2017.11.11"]

1. e4 {[%emt 0:00:00]} e6 2. d4 d5 3. Nc3 Bb4 4. exd5 exd5 5. Bd3 Nc6 6. a3 Ba5
7. Be3 Nf6 8. Qf3 Bg4 9. Qg3 Qe7 10. Kf1 O-O-O 11. Nf3 h5 12. Qf4 Rhe8 13. h3
Bxf3 14. gxf3 Kb8 15. h4 Qd6 16. Qxd6 Rxd6 17. b4 Bb6 18. Ne2 Rde6 19. Bf5 R6e7
20. c3 Nd8 21. Kg2 c6 22. Nf4 Ne6 23. Nxe6 fxe6 24. Bg6 Rf8 25. Bg5 Bc7 26. f4
Rd7 27. f3 Kc8 28. Rhe1 Rd6 29. Re2 Kd7 30. Rae1 b5 31. f5 exf5 32. Bxf5+ Kd8
33. Re7 1-0

[Event "Open Brno 2017"]
[Site "Brno"]
[Date "2017.11.15"]
[Round "6"]
[White "Aird, Ian"]
[Black "Basson, Heinrich"]
[Result "1/2-1/2"]
[WhiteElo "1738"]
[BlackElo "1939"]
[PlyCount "43"]
[EventDate "2017.11.11"]

1. c4 e6 2. Nc3 Nf6 3. Nf3 d5 4. e3 c6 5. b3 Nbd7 6. Bb2 Bd6 7. Qc2 Qe7 8. Be2
a6 9. d4 b6 10. O-O O-O 11. e4 dxe4 12. Nxe4 Bc7 13. Rfe1 Bf4 14. Bd3 Bc7 15.
Rad1 Bb7 16. Ne5 g6 17. Qd2 Nxe4 18. Bxe4 Nxe5 19. dxe5 Rfd8 20. Qe2 Rxd1 21.
Rxd1 Rd8 22. h3 1/2-1/2

[Event "Open Brno 2017"]
[Site "Brno"]
[Date "2017.11.15"]
[Round "6"]
[White "Mazanec, Karel"]
[Black "Lukacs, Anna"]
[Result "1/2-1/2"]
[WhiteElo "1611"]
[BlackElo "1754"]
[PlyCount "53"]
[EventDate "2017.11.11"]

1. e4 {[%emt 0:00:00]} e6 2. d4 d5 3. e5 c5 4. c3 Nc6 5. Nf3 Qb6 6. Be2 Nh6 7.
Bxh6 Qxb2 8. Bxg7 Bxg7 9. Nbd2 cxd4 10. cxd4 Nxd4 11. Rb1 Nxf3+ 12. Nxf3 Qc3+
13. Qd2 Bxe5 14. Nxe5 Qxe5 15. O-O Rg8 16. Rfe1 Qg5 17. Bb5+ Kd8 18. f4 Qe7 19.
Rbc1 Bd7 20. Bd3 Bc6 21. Bxh7 Rh8 22. Be4 Kd7 23. f5 Rag8 24. fxe6+ fxe6 25.
Bf5 Qg5 26. Bxe6+ Kd8 27. Qxg5+ 1/2-1/2

[Event "Open Brno 2017"]
[Site "Brno"]
[Date "2017.11.15"]
[Round "6"]
[White "Kochev, Igor"]
[Black "Buri, Kata"]
[Result "1-0"]
[WhiteElo "1737"]
[BlackElo "1614"]
[PlyCount "37"]
[EventDate "2017.11.11"]

1. e4 {[%emt 0:00:00]} e6 2. d4 d5 3. Nc3 Bb4 4. e5 c5 5. a3 Bxc3+ 6. bxc3 Ne7
7. Qg4 Nf5 8. Bd2 cxd4 9. cxd4 Nc6 10. Nf3 Qc7 11. Bd3 Ncxd4 12. Nxd4 Qxe5+ 13.
Be3 h5 14. Qg5 Rh6 15. Bxf5 exf5 16. O-O Bd7 17. Rfe1 Kf8 18. Qxh6 Qxd4 19.
Qh8+ 1-0

[Event "Open Brno 2017"]
[Site "Brno"]
[Date "2017.11.15"]
[Round "6"]
[White "Mailebayev, Sanzhar"]
[Black "Bodrogi, Bendeguz"]
[Result "1-0"]
[WhiteElo "1727"]
[BlackElo "1562"]
[PlyCount "53"]
[EventDate "2017.11.11"]

1. e4 {[%emt 0:00:00]} c6 2. d4 d5 3. Nc3 g6 4. e5 h5 5. Be3 Bg4 6. Qd2 Nh6 7.
h3 Bd7 8. g3 Nf5 9. Nge2 Nxe3 10. Qxe3 Bf5 11. O-O-O Bh6 12. f4 e6 13. Kb1 Nd7
14. Rg1 Nb6 15. g4 hxg4 16. hxg4 Be4 17. Nxe4 dxe4 18. Qxe4 Nd5 19. c4 Nc7 20.
Nc3 a5 21. f5 Qg5 22. fxe6 fxe6 23. d5 exd5 24. cxd5 cxd5 25. Nxd5 O-O-O 26.
Nb6+ Kb8 27. Bg2 1-0

[Event "Open Brno 2017"]
[Site "Brno"]
[Date "2017.11.15"]
[Round "6"]
[White "Thierry, Rein"]
[Black "Buri, Petra"]
[Result "1/2-1/2"]
[WhiteElo "1656"]
[BlackElo "1469"]
[PlyCount "58"]
[EventDate "2017.11.11"]

1. d4 Nf6 2. Nf3 g6 3. Bf4 Bg7 4. e3 d6 5. c3 Nbd7 6. Nbd2 O-O 7. Be2 Qe8 8. h3
e5 9. Bh2 b6 10. dxe5 dxe5 11. Qc2 Bb7 12. O-O Nh5 13. Rad1 f5 14. Bc4+ Kh8 15.
Ng5 Qe7 16. Ne6 Rfc8 17. Qb3 Nf8 18. Nxf8 Rxf8 19. Bd5 Bxd5 20. Qxd5 Rad8 21.
Qc4 f4 22. exf4 Nxf4 23. Bxf4 Rxf4 24. Qe2 Re8 25. Ne4 Qe6 26. b3 Qf5 27. Ng3
Qg5 28. Ne4 Qf5 29. Ng3 Qg5 1/2-1/2

[Event "Open Brno 2017"]
[Site "Brno"]
[Date "2017.11.16"]
[Round "7"]
[White "Kredl, Karel"]
[Black "Qashashvili, Alexandre"]
[Result "1/2-1/2"]
[WhiteElo "2139"]
[BlackElo "2514"]
[PlyCount "45"]
[EventDate "2017.11.11"]

1. d4 {[%emt 0:00:00]} Nf6 2. Nf3 c5 3. c4 e6 4. Nc3 d5 5. cxd5 exd5 6. Bg5 Be7
7. e3 O-O 8. dxc5 Be6 9. Be2 Nbd7 10. O-O Nxc5 11. Nd4 Rc8 12. Rc1 Qb6 13. Rc2
h6 14. Bh4 Rfd8 15. Qc1 Nce4 16. Nxe4 dxe4 17. Nxe6 Qxe6 18. Bc4 Qf5 19. h3 Rc6
20. Bb3 Rdc8 21. Rxc6 Rxc6 22. Qd2 Qc5 23. Rd1 1/2-1/2

[Event "Open Brno 2017"]
[Site "Brno"]
[Date "2017.11.16"]
[Round "7"]
[White "Potseluev, Sergey"]
[Black "Mikes, Jan"]
[Result "0-1"]
[WhiteElo "2103"]
[BlackElo "2272"]
[PlyCount "76"]
[EventDate "2017.11.11"]

1. d4 {[%emt 0:00:00]} Nf6 2. c4 g6 3. Nc3 Bg7 4. e4 d6 5. Be2 O-O 6. Nf3 e5 7.
O-O Nc6 8. d5 Ne7 9. Ne1 Nd7 10. Be3 f5 11. f3 Nf6 12. c5 f4 13. Bf2 g5 14.
cxd6 cxd6 15. Rc1 Ne8 16. Nb5 a6 17. Na7 Bd7 18. Qb3 Qb8 19. Qb6 h5 20. h3 Kh8
21. Rc3 Nf6 22. Qc7 g4 23. hxg4 hxg4 24. fxg4 Qxc7 25. Rxc7 Nexd5 26. exd5 Bxg4
27. Bxg4 Nxg4 28. Nf3 e4 29. Rxg7 Kxg7 30. Ng5 e3 31. Ne6+ Kh6 32. Bh4 Rf5 33.
Be7 e2 34. Re1 Rxd5 35. Nxf4 Rd1 36. Bh4 Rxe1+ 37. Bxe1 Rxa7 38. Nxe2 b5 0-1

[Event "Open Brno 2017"]
[Site "Brno"]
[Date "2017.11.16"]
[Round "7"]
[White "Domanski, Lukasz"]
[Black "Bengherabi, Khalil"]
[Result "0-1"]
[WhiteElo "2080"]
[BlackElo "2220"]
[PlyCount "54"]
[EventDate "2017.11.11"]

1. e4 {[%emt 0:00:00]} c5 2. Nf3 d6 3. Bb5+ Bd7 4. Bxd7+ Qxd7 5. O-O g6 6. c3
Bg7 7. d4 cxd4 8. cxd4 Nf6 9. Nc3 O-O 10. h3 Nc6 11. Be3 a6 12. a4 Na5 13. e5
Ne8 14. Nd5 Nc4 15. Bg5 e6 16. Nf6+ Nxf6 17. exf6 Bh8 18. Nh2 Rfc8 19. b3 Nb6
20. Re1 Nd5 21. Ng4 h5 22. Ne3 Nxf6 23. Bf4 d5 24. Nf1 Ne4 25. Ng3 Nxg3 26.
Bxg3 Rc3 27. Bf4 Rac8 0-1

[Event "Open Brno 2017"]
[Site "Brno"]
[Date "2017.11.16"]
[Round "7"]
[White "Vojta, Jakub"]
[Black "Svoboda, Zdenek"]
[Result "1-0"]
[WhiteElo "2024"]
[BlackElo "1652"]
[PlyCount "59"]
[EventDate "2017.11.11"]

1. e4 {[%emt 0:00:00]} c6 2. d4 d5 3. exd5 Qxd5 4. c4 Qa5+ 5. Nc3 Nf6 6. Bd3 e5
7. Qe2 Bd6 8. f4 Bg4 9. Nf3 e4 10. O-O O-O 11. Nxe4 Nxe4 12. Bxe4 Qc7 13. Bxh7+
Kh8 14. Bc2 Nd7 15. Qd3 g6 16. Ng5 Kg7 17. Qg3 Nf6 18. b3 Rae8 19. Bb2 Bb4 20.
d5 Qb6+ 21. Kh1 Be2 22. Ne6+ Rxe6 23. dxe6 Bxf1 24. exf7 Kxf7 25. Qxg6+ Ke7 26.
Qg7+ Ke8 27. Bg6+ Kd8 28. Bxf6+ Kc8 29. Rxf1 Qa5 30. Be7 1-0

[Event "Open Brno 2017"]
[Site "Brno"]
[Date "2017.11.16"]
[Round "7"]
[White "Kirste, Olaf"]
[Black "Dopita, Bohumil"]
[Result "1/2-1/2"]
[WhiteElo "1942"]
[BlackElo "2136"]
[PlyCount "56"]
[EventDate "2017.11.11"]

1. c4 {[%emt 0:00:00]} e5 2. Nc3 Nf6 3. Nf3 Nc6 4. e3 d5 5. cxd5 Nxd5 6. Bb5
Nxc3 7. bxc3 Bd7 8. d4 e4 9. Bxc6 Bxc6 10. Ne5 Qd6 11. Qb3 Bd5 12. c4 Qb4+ 13.
Qxb4 Bxb4+ 14. Bd2 Bxd2+ 15. Kxd2 f6 16. cxd5 fxe5 17. Kc3 O-O-O 18. Kc4 exd4
19. Kxd4 Rhe8 20. Rhd1 Re7 21. Rac1 c6 22. Rc5 Rxd5+ 23. Rxd5 cxd5 24. Rc1+ Kd8
25. Rc2 Rd7 26. Rc5 Rf7 27. Rxd5+ Ke8 28. Re5+ Kd8 1/2-1/2

[Event "Open Brno 2017"]
[Site "Brno"]
[Date "2017.11.16"]
[Round "7"]
[White "Pavlicek, Petr"]
[Black "Siegemund, Joachim"]
[Result "1-0"]
[WhiteElo "1911"]
[BlackElo "2127"]
[PlyCount "61"]
[EventDate "2017.11.11"]

1. Nf3 {[%emt 0:00:00]} d5 2. d4 Nf6 3. c4 c6 4. e3 e6 5. Nc3 Bd6 6. Qc2 Nbd7
7. b3 O-O 8. Bd3 e5 9. cxd5 cxd5 10. dxe5 Nxe5 11. Nxe5 Bxe5 12. Bb2 Bd7 13.
O-O Rc8 14. Qd2 Qa5 15. Rac1 d4 16. exd4 Bxh2+ 17. Kxh2 Qh5+ 18. Kg1 Ng4 19.
Qf4 g5 20. Qg3 f5 21. f3 Ne3 22. Rfe1 f4 23. Qh2 Qxh2+ 24. Kxh2 Rc6 25. Ne4
Rh6+ 26. Kg1 g4 27. fxg4 Bxg4 28. Nf2 Be6 29. Be4 Rh4 30. Rc5 Rf6 31. d5 1-0

[Event "Open Brno 2017"]
[Site "Brno"]
[Date "2017.11.16"]
[Round "7"]
[White "Spodny, Josef"]
[Black "Popper, Tomas"]
[Result "1-0"]
[WhiteElo "1885"]
[BlackElo "2058"]
[PlyCount "23"]
[EventDate "2017.11.11"]

1. d4 Nf6 2. Nf3 e6 3. Bg5 Be7 4. Nbd2 d5 5. e3 O-O 6. Bd3 Nbd7 7. O-O c5 8. c3
b6 9. Qa4 a6 10. Ne5 Nxe5 11. dxe5 Qd7 12. Qh4 1-0

[Event "Open Brno 2017"]
[Site "Brno"]
[Date "2017.11.16"]
[Round "7"]
[White "Kallstrom, Michael"]
[Black "Kastner, Oldrich"]
[Result "0-1"]
[WhiteElo "1847"]
[BlackElo "2025"]
[PlyCount "82"]
[EventDate "2017.11.11"]

1. e4 {[%emt 0:00:00]} Nf6 2. e5 Nd5 3. d4 d6 4. Nf3 Bg4 5. Be2 c6 6. O-O Bxf3
7. Bxf3 dxe5 8. dxe5 e6 9. c4 Ne7 10. Qxd8+ Kxd8 11. Be2 Nd7 12. f4 Nf5 13. Nc3
Kc7 14. Bd3 g6 15. Bxf5 gxf5 16. Be3 a5 17. Na4 Be7 18. Rfd1 f6 19. Rxd7+ Kxd7
20. Nb6+ Kc7 21. Nxa8+ Rxa8 22. Bd4 Rd8 23. Bc3 fxe5 24. Bxe5+ Kb6 25. Bc3 Bb4
26. Re1 Bxc3 27. bxc3 Rd6 28. Re5 Rd1+ 29. Kf2 Ra1 30. Rxe6 Rxa2+ 31. Kf3 a4
32. c5+ Kb5 33. Re7 Rc2 34. Rxb7+ Kxc5 35. Rf7 Rxc3+ 36. Kf2 a3 37. Rxf5+ Kb4
38. Rf7 a2 39. Rb7+ Kc4 40. Ra7 Kb3 41. f5 Rc1 0-1